Kontakt so svetom núti podniky zavádzať IAS

Audit hospodárenia podľa medzinárodných štandardov stojí slovenské firmy viac. Prehľad o hospodárení podľa medzinárodných štandardov IAS alebo domácich štandardov SAS. Zverejňovanie výkazov niektorých slovenských firiem podľa IAS. Pozitívne a negatívne rozdiely. Zvýšenie nákladov na audit.

Saved in:
Bibliographic Details
Main Author: Vavřinek, Martin
Format: Book Chapter
Language:Slovak
Subjects:
Tags: Add Tag
No Tags, Be the first to tag this record!

MARC

LEADER 00000naa a2200000 4500
001 r041764
005 20230921111642.0
041 0 |a slo 
044 |a SK 
245 1 0 |a Kontakt so svetom núti podniky zavádzať IAS  |c Martin Vavřinek 
520 |a Audit hospodárenia podľa medzinárodných štandardov stojí slovenské firmy viac. Prehľad o hospodárení podľa medzinárodných štandardov IAS alebo domácich štandardov SAS. Zverejňovanie výkazov niektorých slovenských firiem podľa IAS. Pozitívne a negatívne rozdiely. Zvýšenie nákladov na audit. 
610 2 0 |a audit 
610 2 0 |a hospodárenie podnikové 
610 2 0 |a štandardy 
610 2 0 |a výkazy účtovné 
610 2 0 |a Slovensko 
610 2 0 |a svet 
610 2 0 |a IAS 
610 2 0 |a SAS 
100 1 |a Vavřinek, Martin